مكتبة جامعة عجلون الوطنية

فهرس بحث المكتبة

مستوى عسر الكتابة وعلاقته بالتوافق النفسي لدى الطلبة ذوي صعوبات التعلم = The Level of Dysgraphia and its Relationship to Psychological Adjustment among Learning Disabilities / (Record no. 33320)

MARC details
000 -LEADER
fixed length control field 01138nam a22002057a 4500
003 - CONTROL NUMBER IDENTIFIER
control field JO-AjAnu
005 - DATE AND TIME OF LATEST TRANSACTION
control field 20240605113450.0
008 - FIXED-LENGTH DATA ELEMENTS--GENERAL INFORMATION
fixed length control field 240323b jo ||||| |||| 00| 0 ara d
040 #0 - CATALOGING SOURCE
Original cataloging agency JO-AjAnu
Language of cataloging ara
Transcribing agency JO-AjAnu
Modifying agency JO-AjAnu
Description conventions ard
041 ## - LANGUAGE CODE
Language code of text/sound track or separate title ara
Language code of original ara
050 #4 - LIBRARY OF CONGRESS CALL NUMBER
Classification number LC4704
Item number 2024
100 #1 - MAIN ENTRY--PERSONAL NAME
Personal name المحاسنة، تراجي مصطفى مفلح
Relator term معد
9 (RLIN) 65075
245 #0 - TITLE STATEMENT
Title مستوى عسر الكتابة وعلاقته بالتوافق النفسي لدى الطلبة ذوي صعوبات التعلم = The Level of Dysgraphia and its Relationship to Psychological Adjustment among Learning Disabilities /
Statement of responsibility, etc. اعداد تراجي مصطفى مفلح المحاسنة ؛ اشراف فيصل عيسى النواصرة
260 ## - PUBLICATION, DISTRIBUTION, ETC.
Date of publication, distribution, etc. 2024
300 ## - PHYSICAL DESCRIPTION
Extent 113 ورقة
500 ## - GENERAL NOTE
General note رسالة جامعية (ماجستير في صعوبات التعلم) - جامعة عجلون الوطنية (عجلون، الاردن)، كلية العلوم التربوية، 2024.
650 #0 - SUBJECT ADDED ENTRY--TOPICAL TERM
Topical term or geographic name entry element صعوبات التعلم - عسر الكتابة.
9 (RLIN) 65076
700 #0 - ADDED ENTRY--PERSONAL NAME
Personal name النواصرة، فيصل عيسى.
Relator term مشرف
9 (RLIN) 65078
942 ## - ADDED ENTRY ELEMENTS (KOHA)
Source of classification or shelving scheme Library of Congress Classification
Koha item type Thesis
Suppress in OPAC No
Holdings
Withdrawn status Lost status Source of classification or shelving scheme Damaged status Not for loan Home library Current library Date acquired Total Checkouts Full call number Barcode Date last seen Price effective from Koha item type
    Library of Congress Classification     مكتبة جامعة عجلون الوطنية مكتبة جامعة عجلون الوطنية 23/03/2024   LC4704 2024 a29787 23/03/2024 23/03/2024 Thesis
    Library of Congress Classification     مكتبة جامعة عجلون الوطنية مكتبة جامعة عجلون الوطنية 23/03/2024   LC4704 2024 a29786 23/03/2024 23/03/2024 Thesis